Quiz voiture: Supercars/Hypercars #1 - Statistiques

Statistiques générales
  • Ce quiz a été pris 1 283 fois
    1 267 depuis la dernière actualisation
  • Le résultat moyen est 9 sur 16
Statistiques - réponses
Par images Réponse % Correct
Audi R8
90%
Nissan GTR
82%
Lamborghini Huracan
81%
Lamborghini Gallardo
68%
Pagani Zonda S
66%
Mclaren 720S
62%
Chevrolet Corvette C6
61%
BMW M6
57%
Jaguar F Type
54%
Koenigsegg One:1
52%
Porsche 911 GT3
49%
Ferrari 348
47%
Ferrari F12 Berlinetta
39%
Mclaren 570S
34%
Saleen S7
31%
Porsche Cayman
21%
Aucun quiz correspondant
Distribution des résultats
% des personnes avec chaque résultat
Percentile par nombre de réponses
Votre historique - résultats
Vous n’avez pas pris ce quiz depuis la dernière actualisation